000 00765nam a22002537a 4500
001 22164
005 20260407104723.0
008 260331b |||||||| |||| 00| 0 spa d
022 _a31197663
041 _aESP
082 _aHR 344 MAR 2026
_bPPP
100 _a,
110 _aGrupo Praxis
245 _aPraxis penal & procesal penal
260 _aLima :
_bGrupo Praxis,
_c2026
300 _a256 páginas :
_bgráficos ;
_c25 cm.
440 _a ;
650 _aCIS
653 _aDerecho; Derecho penal; Praxis penal
654 _aCDE
700 _a;
856 _uhttps://0u214vgdh-y-https-app-vlex-com.itmsp.museknowledge.com/search/jurisdiction:PE/Praxis+penal+%26+procesal+penal
_zVéase además: Base de datos Vlex
942 _cREV
_dJUS
_fMIP
_n0
_2ddc
999 _c22164
_d22164